LIBRARY & INFORMATION CENTRE, KCAET, TAVANUR

ONLINE PUBLIC ACCESS CATALOGUE (OPAC)

Personality Through Perception / (Record no. 7777)

MARC details
000 -LEADER
fixed length control field 00324cam a2200133ua 4500
020 ## - INTERNATIONAL STANDARD BOOK NUMBER
ISBN 81-7216-014-3
082 ## - DEWEY DECIMAL CLASSIFICATION NUMBER
Classification number 155.2
Item number JAG/PE
100 ## - MAIN ENTRY--AUTHOR NAME
Personal name Jagdish, Prakash C .
245 ## - TITLE STATEMENT
Title Personality Through Perception /
250 ## - EDITION STATEMENT
Edition statement 1 /
260 ## - PUBLICATION, DISTRIBUTION, ETC. (IMPRINT)
Place of publication :
Name of publisher Friends Publications ,
Year of publication 1993.
300 ## - PHYSICAL DESCRIPTION
Number of Pages 238 ; .
942 ## - ADDED ENTRY ELEMENTS (KOHA)
Koha item type Reference
Holdings
Withdrawn status Lost status Damaged status Collection code Home library Current library Shelving location Date acquired Full call number Accession Number Koha item type
      Reference KAUAET KAUAET Reference 07/04/2012 155.2.JAG/PE 19386 Reference
free website counter